Analýza všeobecných a špecifických činností poisťovne

Analýza všeobecných činností poisťovní.Charakteristika rôznych metód, postupov a ukazovateľov používaných v poisťovniach. Špecifiká poisťovacej činnosti a v nadväznosti na to špecifiká účtovníctva, účtovnej závierky a výkazníctva poisťovní. Výpočet a interpretácia ukazovateľov s ktorými sa spravidla...

ver descrição completa

Na minha lista:
Detalhes bibliográficos
Autor principal: Pastoráková, Erika, 1972-
Formato: Capítulo de Livro
Idioma:eslovaco
Assuntos:
Tags: Adicionar Tag
Sem tags, seja o primeiro a adicionar uma tag!

MARC

LEADER 00000nla$a2200000$$$4500
001 0050126
005 20240502071557.9
041 0 |a slo 
044 |a SK 
245 1 0 |a Analýza všeobecných a špecifických činností poisťovne  |c Erika Pastoráková 
520 |a Analýza všeobecných činností poisťovní.Charakteristika rôznych metód, postupov a ukazovateľov používaných v poisťovniach. Špecifiká poisťovacej činnosti a v nadväznosti na to špecifiká účtovníctva, účtovnej závierky a výkazníctva poisťovní. Výpočet a interpretácia ukazovateľov s ktorými sa spravidla možno stretnúť u všetkých analyzovaných subjektov. 
610 2 0 |a poisťovne 
610 2 0 |a riziko poistné 
610 2 0 |a analýza finančná 
610 2 0 |a výkazníctvo účtovné 
100 1 |a Pastoráková, Erika, 1972-